| 000 | 00857na a2200301 4500 | ||
|---|---|---|---|
| 001 | 16510 | ||
| 003 | MIRAKIL | ||
| 005 | 20181213154857.0 | ||
| 008 | 161008b tu 000 0 | ||
| 020 | _a9789750506482 | ||
| 035 | _a16510 | ||
| 040 |
_aMilas _btur _cTR-AnCHP |
||
| 041 | _atur | ||
| 082 |
_a956.325 _bT62 2009 |
||
| 090 | _a956.325 T62 2009 | ||
| 245 |
_aTrabzon'u anlamak _cderleyenler Güven Bakırezer, Yücel Demirer |
||
| 260 |
_aİstanbul _bİletişim yayınları _c2009 |
||
| 300 |
_a429 s. _bfotg. _c21 sm. |
||
| 440 |
_aİletişim yayınları _v1365 |
||
| 490 |
_aMemleket Kitapları _v14 |
||
| 504 | _aKaynakça var. | ||
| 651 |
_aTrabzon _xKültürel yaşam |
||
| 651 |
_aTrabzon _xSosyo ekonomik durum |
||
| 651 |
_aTrabzon _xDerlemeler |
||
| 700 | _aDemirer, Yücel | ||
| 700 | _aBakırezer, Güven | ||
| 942 |
_2dcc _cBKS |
||
| 999 |
_c2420 _d2420 |
||